| 000 | 00784nam a22002297a 4500 | ||
|---|---|---|---|
| 999 |
_c7462 _d7462 |
||
| 003 | AR-CdUCM | ||
| 008 | 190320b ||||| |||| 00| 0 spa d | ||
| 040 |
_aMUNICIPALIDAD PROVINCIAL DEL CUSCO _cBIBLIOTECA MUNICIPAL DEL CUSCO |
||
| 082 |
_a633 / _bR73 |
||
| 100 |
_aRodriguez López, Yofre Julian _921046 |
||
| 245 | _aSistema de producción andino / | ||
| 260 |
_aCusco : _bImprenta CTAR, _c2001. |
||
| 300 |
_a138 paginas ; _bMapas, ilustraciones, dibujos, graficos, _c20 cm. |
||
| 500 | _aAgricultura | ||
| 505 | _aContenido: metodologia -- geopolitica -- ecologia -- totora -- antecedentes... | ||
| 650 |
_aMetodologia _92264 |
||
| 650 |
_aEcologia _94960 |
||
| 650 |
_ageopolitica _98326 |
||
| 650 |
_asistemas de produccion _921047 |
||
| 942 |
_2ddc _cLIBROS |
||
| 945 | _apjha | ||